LIBRARY & INFORMATION CENTRE, KCAET, TAVANUR

ONLINE PUBLIC ACCESS CATALOGUE (OPAC)

Renewable energy : | physics, engineering, environmental impacts, economics and planning / (Record no. 13743)

MARC details
000 -LEADER
fixed length control field 00585cam a2200181 a 4500
003 - CONTROL NUMBER IDENTIFIER
control field OSt
008 - FIXED-LENGTH DATA ELEMENTS--GENERAL INFORMATION
fixed length control field 241030b |||||||| |||| 00| 0 eng d
020 ## - INTERNATIONAL STANDARD BOOK NUMBER
ISBN 9780123750259 (alk. paper)
020 ## - INTERNATIONAL STANDARD BOOK NUMBER
ISBN 0123750253 (alk. paper)
082 00 - DEWEY DECIMAL CLASSIFICATION NUMBER
Classification number 621.47
Item number SOR/RE
100 1# - MAIN ENTRY--AUTHOR NAME
Personal name Sorensen, Bent
245 10 - TITLE STATEMENT
Title Renewable energy :
Remainder of title physics, engineering, environmental impacts, economics and planning /
250 ## - EDITION STATEMENT
Edition statement 4th ed. (Indian)
260 ## - PUBLICATION, DISTRIBUTION, ETC. (IMPRINT)
Place of publication Burlington, MA :
Name of publisher Academic Press,
Year of publication c2011.
300 ## - PHYSICAL DESCRIPTION
Number of Pages xviii, 954 p. :
Other physical details ill., maps ;
650 #0 - SUBJECT ADDED ENTRY--TOPICAL TERM
Topical Term Renewable energy sources.
942 ## - ADDED ENTRY ELEMENTS (KOHA)
Koha item type Books
Holdings
Withdrawn status Lost status Damaged status Collection code Home library Current library Shelving location Date acquired Source of acquisition Cost, normal purchase price Full call number Accession Number Koha item type
      Non-fiction KAUAET KAUAET Shelf- 7A 31/03/2012 Dreamtech, Tvpm 525.00 621.47 SOR/RE 23149 Books
free website counter